| 000 | 00450cam a2200169ua 4500 | ||
|---|---|---|---|
| 041 |
_aeng _h |
||
| 082 |
_a823.308 _bRIC/RE |
||
| 100 | _aRichmond, Grace S . | ||
| 245 |
_aRed pepper burns / _cGrace S Richmond. _hTextual Documents |
||
| 260 |
_aLondon : _bUniversity of London Press Ltd , _c1951. |
||
| 300 | _a192 ; . | ||
| 440 | 0 |
_aThe Pilot Books, _v _x; |
|
| 490 | 0 |
_aThe Pilot Books, _v _x; |
|
| 504 | _a | ||
| 942 | _cBK | ||
| 999 |
_c5181 _d5181 |
||